00969nam a22002177a 450000500170000000700150001700800410003202000180007303500100009104000090010110000220011024501260013225600240025826000360028230000280031850602700034665000300061665000260064674000380067285600410071020240305165614.0cr|||| |||| 210831s2004 ca |||||s|||| 00||0 eng d a9781459313453 a35276 avLex1 aSheeny, Elizabeth10aAdding Feminism to Lawh[Recurso electrónico] :bThe Contributions of Justice Claire L'Heureux-Dube /cElizabeth Sheeny aServicio en línea aToronto:bIrwin Law Inc.,c2004 a1 recurso electrónico1 aDisponible solo en los productos indicadosdvLex GlobaldvLex Global (Academic Edition, excluding Law Schools)dvLex Global (U.S. Academic Edition, Law Schools)dvLex Global (U.S. Academic Edition, excluding Law Schools)dvLex Global (Academic Edition, Law Schools)04aDerecho MilitarzCanadá04aHumanidadeszCanadá0 avLex Libros (Servicio en línea)40uhttps://app.vlex.com/#/sources/35276